=LDR 00000nam 2200000 4500 =001 INLIS000000000009540 =005 20200316083009 =035 ##$$a 0010-061300000009540 =008 200316################g##########0#ind## =041 ##$$a Ind =082 ##$$a 263.91 =090 ##$$a 263.91, Ams-m =100 1#$$a Amstrong, Herbert W =245 1#$$a Misteri Natal : $b Sebuah kritik dari tokoh kristen international /$c Herbert W. Amstrong, Masyhud S.M. =260 ##$$a s.l :$b Pustaka Da'i,$c 1994 =300 ##$$a xi, 114 hlm, : $b ilus. ; $c 18 x 12 cm. =650 #4$$a Natal-Kristiani =850 ##$$a NBPNMAT =084 ##$$a 263.91 AMS m =700 #$$a Masyhud S.M. =990 ##$$a 71.919/Pb-94 =990 ##$$a 20122012 =990 ##$$a 00054918 =990 ##$$a 71.919/Pb-94